PIL per Regione in ordine - Statistics

Statistiche generali
  • Questo quiz è stato fatto 38 volte
  • Il punteggio medio è 16 su 20
Statistiche sulle risposte
Hint Risposta % Corretto
505.152 M€ Lombardia
100%
246.569 M€ Lazio
97%
198.590 M€ Emilia-Romagna
91%
201.373 M€ Veneto
91%
143.663 M€ Toscana
88%
164.224 M€ Piemonte
85%
137.267 M€ Campania
82%
111.704 M€ Sicilia
82%
58.635 M€ Liguria
79%
50.595 M€ Marche
79%
59.253 M€ Trentino-Alto Adige
79%
5.858 M€ Valle d'aosta
79%
7.990 M€ Molise
76%
94.488 M€ Puglia
76%
43.437 M€ Sardegna
76%
39.858 M€ Calabria
74%
46.572 M€ Friuli-Venezia Giulia
74%
40.755 M€ Abruzzo
71%
15.106 M€ Basilicata
71%
27.671 M€ Umbria
68%
Nessun quiz corrispondente trovato
Distribuzione punteggi
Percentuale di utenti per punteggio
Percentile per numero di risposta
I tuoi punteggi nel tempo
Non hai fatto questo quiz